Qatar telephone directory 2010.
| Format: | Book |
|---|---|
| Published: |
Doha:
A.B.A Advertising & Publishing,
2010.
|
| Subjects: |
| LEADER | 00467cam a2200145 7i4500 | ||
|---|---|---|---|
| 001 | 0000028944 | ||
| 005 | 20130215090000.0 | ||
| 090 | 0 | 0 | |a QATR 910.2595363 |b QAT |
| 245 | 0 | 0 | |a Qatar telephone directory 2010. |
| 260 | 0 | 0 | |a Doha: |b A.B.A Advertising & Publishing, |c 2010. |
| 300 | # | # | |a 1157 p. |
| 650 | 0 | 0 | |a Business -- |x Yellow pages -- |z Qatar |
| 650 | 0 | 0 | |a Telephone -- |x Yellow pages -- |z Qatar |
| 651 | 0 | 0 | |a Qatar |
| 999 | |a 0000030853 |b Directories |c Countries |e Business Information Centre | ||